Не боюсь шефа! Так Вы утвердитесь в профессиональной жизни: пер. с нем.

Bibliographic Details
Main Author: Харсс К. Клаудиа
Other Authors: Майер К. Карин
Language:Russian
Published: Ростов-на-Дону, Феникс, 1997
Series:1000 секретов успеха
Subjects:
Format: Book
KOHA link:https://koha.lib.tpu.ru/cgi-bin/koha/opac-detail.pl?biblionumber=5448

MARC

LEADER 00000nam0a2200000 4500
001 5448
005 20231101204425.0
010 |a 5858804977 
035 |a (RuTPU)RU\TPU\book\5476 
035 |a BOOK00005527 
090 |a 5448 
100 |a 20011209d1997 km y0rusy50 ca 
101 1 |a rus  |c ger 
102 |a RU 
105 |a y z 000zy 
200 1 |a Не боюсь шефа! Так Вы утвердитесь в профессиональной жизни  |e пер. с нем.  |f К. Харсс, К. Майер 
210 |a Ростов-на-Дону  |c Феникс  |d 1997 
215 |a 224 с. 
225 1 |a 1000 секретов успеха 
606 1 |a Деловое общение  |x Психология  |2 stltpush  |3 (RuTPU)RU\TPU\subj\38805  |9 59088 
610 1 |a психология 
610 1 |a социальная психология 
610 1 |a общение 
610 1 |a деловое общение 
686 |a Ю953  |v LBC/SL-A  |2 rubbk 
700 1 |a Харсс  |b К.  |g Клаудиа 
701 1 |a Майер  |b К.  |g Карин 
801 0 |a RU  |b 63413507  |c 20011209  |g PSBO 
801 2 |a RU  |b 63413507  |c 20191007  |g PSBO 
942 |c BK